Normal view
MARC view
Entry Personal Name
001 - CONTROL NUMBER
- control field: 38177
003 - CONTROL NUMBER IDENTIFIER
- control field: dpl
005 - DATE AND TIME OF LATEST TRANSACTION
- control field: 20120104120940.0
008 - FIXED-LENGTH DATA ELEMENTS
- fixed length control field: 120104|||a|||||| | ||| d
040 ## - CATALOGING SOURCE
- Original cataloging agency: dpl
- Transcribing agency: dpl
100 ## - HEADING--PERSONAL NAME
- Personal name: मिश्रा, महेन्द्र कुमार
670 ## - SOURCE DATA FOUND
- Source citation: Work cat.: (dpl)52625: मिश्रा, महेन्द्र कुमार, अन्तर्राष्टी्य राजनीति /, 2010
670 ## - SOURCE DATA FOUND
- Source citation: Work cat.: (dpl)52625: मिश्रा, महेन्द्र कुमार, अन्तर्राष्टी्य राजनीति /, 2010
